[Event "Tourn. n8437"]
[Site "www.chess-mail.com"]
[Date "2016.01.09"]
[Round "1"]
[White "Cardiff"]
[Black "Ditto"]
[WhiteElo "1790"]
[BlackElo "1830"]
[Result "1-0"]
[Round "1"]
1.c4 e5
2.Nb1c3 Nb8c6
3.Ng1f3 Bf8b4
4.d3 d6
5.Bc1d2 Bc8g4
6.Nc3d5 Bb4c5
7.e3 Ng8f6
8.Nd5xf6 Qd8xf6
9.Bf1e2 O-O
10.O-O Rf8e8
11.a3 a5
12.Ra1b1 Qf6g6
13.Kh1 Bg4h3
14.gxh3 Nc6e7
15.Rf1g1 Qg6f5
16.Rg1g3 e4
17.dxe4 Qf5xe4
18.Kg1 Ne7f5
19.Rg3g4 Qe4e7
20.b4 axb4
21.axb4 Bc5b6
22.Qd1c2 c6
23.Qc2xf5 Bb6c7
24.Bd2c3 f6
25.Bc3xf6 Qe7f8
26.Rg4xg7 Qf8xg7
27.Bf6xg7 Kxg7
28.Kh1 Kh8
29.Be2d3 Re8e7
30.Rb1g1 Ra8e8
31.Qf5f6 { resign }
1-0

[Event "Tourn. n8553"]
[Site "www.chess-mail.com"]
[Date "2016.01.09"]
[Round "1"]
[White "Tonino1"]
[Black "Naujzaid"]
[WhiteElo "2050"]
[BlackElo "2030"]
[Result "1-0"]
[Round "1"]
1.d4 d5
2.Ng1f3 e6
3.e3 Ng8f6
4.Bf1d3 Bf8e7
5.b3 O-O
6.Bc1b2 b6
7.Nb1d2 Bc8b7
8.O-O Nb8d7
9.Qd1e2 c5
{ time. }
1-0

[Event "Tourn. n8437"]
[Site "www.chess-mail.com"]
[Date "2016.01.09"]
[Round "1"]
[White "Naujzaid"]
[Black "Cardiff"]
[WhiteElo "1900"]
[BlackElo "1800"]
[Result "1/2-1/2"]
[Round "1"]
1.d4 d5
2.c4 e6
3.Nb1c3 Bf8b4
4.Qd1c2 Ng8f6
5.Ng1f3 c5
6.e3 Nb8c6
7.dxc5 Bb4xc5
8.a3 a5
9.cxd5 exd5
10.Bf1b5 Qd8e7
11.O-O O-O
12.b3 Bc8g4
13.Bb5e2 Ra8c8
14.Rf1e1 Bg4h5
15.Bc1b2 Bh5g6
16.Be2d3 Bg6xd3
17.Qc2xd3 Rf8d8
18.Ra1d1 Bc5xa3
19.Bb2xa3 Qe7xa3
20.Rd1a1 Qa3b4
21.Ra1a4 Qb4e7
22.Nc3b5 h6
23.Nb5d4 Nf6e4
24.Nd4xc6 bxc6
25.Ra4xa5 Rc8a8
26.Re1a1 Ra8xa5
27.Ra1xa5 Qe7c7
28.Ra5a1 Rd8b8
29.Ra1c1 Qc7d6
{ draw }
1/2-1/2

[Event "Tourn. n8440"]
[Site "www.chess-mail.com"]
[Date "2016.01.09"]
[Round "1"]
[White "Naujzaid"]
[Black "Cardiff"]
[WhiteElo "1900"]
[BlackElo "1800"]
[Result "0-1"]
[Round "1"]
1.d4 f5
2.e4 fxe4
3.Nb1c3 Ng8f6
4.Bc1g5 g6
5.h4 Bf8g7
6.h5 gxh5
7.Bg5xf6 Bg7xf6
8.Qd1xh5 Kf8
9.O-O-O Qd8e8
10.Qh5h2 Qe8g6
11.Qh2xc7 Nb8c6
12.Ng1e2 e6
13.Qc7d6 Bf6e7
14.Qd6f4 Ke8
15.Nc3xe4 Rh8f8
16.Qf4e3 d5
17.Ne4c5 Be7xc5
18.dxc5 Nc6b4
19.Qe3b3 a5
20.a3 Nb4c6
21.Qb3e3 Bc8d7
22.Ne2f4 Qg6g5
23.Rh1xh7 Qg5xf4
24.Qe3xf4 Rf8xf4
25.f3 O-O-O
26.c3 Nc6e5
27.Rd1e1 Ne5c6
28.Bf1e2 e5
29.g4 { time. }
0-1

[Event "Tourn. n8500"]
[Site "www.chess-mail.com"]
[Date "2016.01.09"]
[Round "1"]
[White "Llcervello"]
[Black "Falcoale"]
[WhiteElo "1680"]
[BlackElo "1880"]
[Result "0-1"]
[Round "1"]
1.e4 c5
2.e5 e6
3.f4 b6
4.c4 Bc8b7
5.Ng1f3 Ng8e7
6.b3 Ne7g6
7.g3 d6
8.Qd1e2 dxe5
9.fxe5 Nb8d7
10.Bf1g2 Qd8c7
11.Bc1b2 Bf8e7
12.O-O O-O
13.a3 Ra8e8
14.Nb1c3 f5
15.d3 f4
16.Nc3b5 Qc7b8
17.Bg2h3 fxg3
18.Bh3xe6 Kh8
19.Be6xd7 Re8d8
20.e6 gxh2
21.Nf3xh2 Qb8g3
22.Qe2g2 Qg3xg2
{ resign }
0-1

[Event "Tourn. n8578"]
[Site "www.chess-mail.com"]
[Date "2016.01.09"]
[Round "1"]
[White "Gatrooper"]
[Black "Cal"]
[WhiteElo "1690"]
[BlackElo "1600"]
[Result "1-0"]
[Round "1"]
1.e4 e5
2.a3 a6
3.Ng1f3 d6
4.Nb1c3 Bc8g4
5.h3 Bg4xf3
6.Qd1xf3 h6
7.Bf1c4 c6
8.Qf3xf7 { resign }
1-0

[Event "Tourn. n8515"]
[Site "www.chess-mail.com"]
[Date "2016.01.09"]
[Round "1"]
[White "Orhany24"]
[Black "Umzi"]
[WhiteElo "2010"]
[BlackElo "2210"]
[Result "1/2-1/2"]
[Round "1"]
1.e4 d5
2.exd5 Qd8xd5
3.d4 Ng8f6
4.c4 Qd5d8
5.Nb1c3 e6
6.a3 Bf8e7
7.Ng1f3 O-O
8.Bf1d3 c5
9.d5 exd5
10.cxd5 Bc8g4
11.O-O Rf8e8
12.Rf1e1 Nb8d7
13.Bc1f4 a6
14.h3 Bg4h5
15.g4 Bh5g6
16.Bd3xg6 hxg6
17.Qd1d2 Nd7b6
18.b3 Nb6xd5
19.Bf4g3 Nd5xc3
20.Qd2xc3 Qd8b6
21.Nf3e5 Nf6d5
22.Qc3c4 Ra8d8
23.Ra1d1 Qb6e6
24.Ne5f3 Qe6c6
25.Nf3e5 Qc6e6
26.Ne5xg6 Qe6xg6
27.Rd1xd5 Be7f8
28.Re1d1 Rd8xd5
29.Qc4xd5 b6
30.Qd5d7 Re8e2
31.Qd7d8 Qg6c2
32.b4 cxb4
33.axb4 Kh7
34.Qd8h4 Kg8
35.Qh4d8 Kh7
{ draw }
1/2-1/2

[Event "Match"]
[Site "www.echecsemail.com"]
[Date "2016.01.09"]
[Round "1"]
[White "Tpavageau"]
[Black "Light"]
[WhiteElo "1499"]
[BlackElo "1499"]
[Result "0-1"]
[Round "1"]
1.e4 e5
2.Ng1f3 f6
3.Nb1c3 c6
4.d4 g5
5.h4 h6
6.hxg5 hxg5
7.Rh1xh8 Qd8e7
8.Bf1c4 Qe7g7
9.Rh8h1 Ng8h6
10.dxe5 b5
11.Bc4d3 Nb8a6
12.a4 b4
13.Nc3e2 Na6c5
14.Bd3c4 Bc8a6
15.Bc4xa6 Nc5xa6
16.Nf3d4 Na6b8
17.f4 c5
18.Nd4f5 Qg7g6
19.fxg5 Qg6xg5
20.Bc1xg5 fxg5
21.e6 d6
22.c4 Nh6g8
23.Rh1h8 Bf8h6
 { time }
0-1

[Event "Match"]
[Site "www.echecsemail.com"]
[Date "2016.01.09"]
[Round "1"]
[White "Aperturaf"]
[Black "Nimzo"]
[WhiteElo "2450"]
[BlackElo "2840"]
[Result "0-1"]
[Round "1"]
1.e4 c5
2.Ng1f3 e6
3.c3 d5
4.exd5 Qd8xd5
5.d4 Ng8f6
6.Bc1e3 cxd4
7.cxd4 Bf8b4
8.Nb1c3 O-O
9.Bf1d3 b6
10.O-O Bb4xc3
11.bxc3 Bc8a6
12.Bd3xa6 Nb8xa6
13.Qd1e2 Na6b8
14.c4 Qd5e4
15.Nf3e5 Nb8c6
16.Ne5xc6 Qe4xc6
 { time }
0-1

[Event "Match"]
[Site "www.echecsemail.com"]
[Date "2016.01.09"]
[Round "1"]
[White "Nugun"]
[Black "Orae"]
[WhiteElo "1610"]
[BlackElo "1800"]
[Result "1-0"]
[Round "1"]
1.c4 e5
2.Nb1c3 Bf8c5
3.g3 Qd8f6
4.Ng1f3 Qf6b6
5.e3 Nb8c6
6.Bf1g2 Ng8f6
7.Nf3xe5 Nc6xe5
8.d4 Ne5xc4
9.dxc5 Qb6xc5
10.O-O O-O
11.b3 Nc4e5
12.Bc1b2 c6
13.Ra1c1 Qc5a5
14.a4  { time }
1-0

[Event "Match"]
[Site "www.echecsemail.com"]
[Date "2016.01.09"]
[Round "1"]
[White "Orae"]
[Black "Ditto"]
[WhiteElo "1800"]
[BlackElo "1830"]
[Result "0-1"]
[Round "1"]
1.c4 e5
2.d4 exd4
3.Ng1f3 c5
4.a4 Ng8f6
5.Bc1g5 Nb8c6
6.g3 Bf8e7
7.Bf1g2 Nf6e4
8.Bg5f4 O-O
9.O-O d6
 { time }
0-1

[Event "Match"]
[Site "www.echecsemail.com"]
[Date "2016.01.09"]
[Round "1"]
[White "Cal"]
[Black "Crush"]
[WhiteElo "1299"]
[BlackElo "1570"]
[Result "0-1"]
[Round "1"]
1.Nb1c3 d5
2.d4 Nb8c6
3.e3 Ng8f6
4.h3 g6
5.Ng1f3 Bc8f5
6.a3 Bf8g7
7.b4 O-O
8.Bf1d3 Bf5xd3
9.cxd3 Rf8e8
10.Nc3e2 e5
11.dxe5 Nc6xe5
12.Nf3d4 b6
13.O-O c5
14.bxc5 bxc5
15.Nd4b5 a6
16.Nb5c3 d4
17.exd4 Ne5c6
18.dxc5 Nc6d4
19.Ne2f4 Qd8c7
20.Nc3a4 Ra8d8
21.Bc1b2 Qc7xf4
22.c6 Nd4xc6
23.Na4c5 Rd8b8
24.Ra1c1 Rb8xb2
25.Rc1c4 Qf4f5
26.f3 Qf5g5
27.Rf1f2 Re8b8
28.Nc5xa6 Rb8b3
29.Rc4xc6 Qg5e3
30.Rc6c8 Bg7f8
31.Rc8c2 Rb2b1
32.Qd1xb1 Rb3xb1
33.Kh2 Qe3f4
34.g3 Qf4e3
35.a4 Qe3e1
36.g4 Qe1g1

0-1

[Event "Match"]
[Site "www.echecsemail.com"]
[Date "2016.01.09"]
[Round "1"]
[White "Vitoriccardo"]
[Black "Carazo"]
[WhiteElo "1860"]
[BlackElo "1840"]
[Result "1-0"]
[Round "1"]
1.e4 e5
2.Ng1f3 Nb8c6
3.Bf1b5 Nc6d4
4.Nf3xd4 exd4
5.c3 a6
6.Bb5c4 b5
7.Bc4xf7 Kxf7
8.Qd1h5 g6
9.Qh5d5 Ke8
10.Qd5xa8 c6
11.cxd4 Ng8f6
12.d5 cxd5
13.e5 Qd8e7
14.Qa8xc8 Kf7
15.O-O Qe7xe5
16.h3 Qe5d6
17.d4 Bf8g7
18.Qc8c2 Nf6e4
19.Nb1c3 Bg7xd4
20.Nc3xe4 dxe4
21.Qc2xe4 Bd4e5
22.Bc1g5 Rh8e8
23.Qe4f3 Kg8
24.Ra1d1 Qd6c7
25.Bg5h6 Be5xb2
26.Qf3b3 Re8e6
27.Qb3xb2 Re6e7
28.Qb2f6 Re7f7
29.Qf6xa6 b4
30.Qa6a8 { resign }
1-0

[Event "Match"]
[Site "www.echecsemail.com"]
[Date "2016.01.09"]
[Round "1"]
[White "Markos123"]
[Black "Menace"]
[WhiteElo "1790"]
[BlackElo "2210"]
[Result "0-1"]
[Round "1"]
1.d4 c6
2.c3 d5
3.Ng1f3 Ng8f6
4.Nb1d2 Bc8g4
5.Nf3e5 Bg4h5
6.h3 Nb8d7
7.Nd2f3 Bh5xf3
8.exf3 e6
9.Bc1g5 Bf8e7
10.Bg5xf6 Be7xf6
11.Ne5g4 c5
12.Bf1b5 a6
13.Bb5xd7 Qd8xd7
14.O-O cxd4
15.cxd4 Bf6g5
16.Ng4e5 Qd7d8
17.f4 Bg5xf4
18.Ne5g4 O-O
19.g3 Bf4d6
20.h4 Ra8c8
21.Qd1d2 Qd8b6
22.Ng4f6 gxf6
23.Ra1d1 Qb6b4
24.a3 Qb4xd2
25.Rd1xd2 a5
26.Kg2 b5
27.f4 h5
28.f5 e5
29.dxe5 Bd6xe5
30.Rd2xd5 Rc8c2
31.Rf1f2 Rc2xf2
32.Kxf2 Be5xb2
33.Rd5d3 b4
34.a4 Rf8a8
35.Kg2 Bb2c3
36.Rd3d6 b3
37.Rd6d1 b2
38.Rd1b1 Ra8b8
39.Kf2 Rb8b4
40.Ke2 Rb4xa4
41.Kd1 Ra4a1
42.Kc2 Bc3e5
43.Rb1xb2 Be5xb2
44.Kxb2 Ra1f1
{ resign }
0-1

[Event "1/128 Finale"]
[Site "www.chess-mail.com"]
[Date "2016.01.09"]
[Round "1"]
[White "Karpawn"]
[Black "Ipswich"]
[WhiteElo "1499"]
[BlackElo "1460"]
[Result "1-0"]
[Round "1"]
1.e4 e5
2.Nb1c3 Ng8f6
3.Bf1c4 Bf8c5
4.d3 d6
5.f4 Bc8g4
6.Ng1f3 Nb8c6
7.Nc3a4 Bc5b6
8.Na4xb6 axb6
9.O-O O-O
10.a3 Nc6d4
11.fxe5 dxe5
12.Kh1 b5
13.Bc4a2 c6
14.Bc1e3 c5
15.c3 Nd4xf3
16.gxf3 Bg4h5
17.Rf1g1 Bh5g6
18.Be3xc5 Rf8e8
19.Qd1f1 Qd8c7
20.Bc5e3 Ra8d8
21.Ra1d1 Kh8
22.Ba2b3 Rd8d7
23.Rg1g2 Re8d8
24.Bb3c2 b6
25.Qf1f2 Rd7d6
26.d4 exd4
27.cxd4 Rd6c6
28.Bc2d3 b4
29.axb4 { resign }
1-0

[Event "1/128 Finale"]
[Site "www.chess-mail.com"]
[Date "2016.01.09"]
[Round "1"]
[White "0o0o0"]
[Black "Ipswich"]
[WhiteElo "1370"]
[BlackElo "1460"]
[Result "1-0"]
[Round "1"]
1.e4 c5
2.Ng1f3 d6
3.d4 cxd4
4.Nf3xd4 Ng8f6
5.Nb1c3 g6
6.Bc1e3 Bf8g7
7.f3 O-O
8.Qd1d2 Nb8c6
9.O-O-O Nc6xd4
10.Be3xd4 Bc8e6
11.h4 h5
12.g4 hxg4
13.h5 gxh5
14.Qd2g5 Qd8d7
15.Bd4xf6 exf6
16.Qg5xh5 Rf8c8
17.fxg4 Be6xg4
18.Qh5h7 Kf8
19.Bf1h3 Bg4xh3
20.Rh1xh3 Qd7e6
21.Rh3g3 { resign }
1-0

[Event "1/64 Finale"]
[Site "www.chess-mail.com"]
[Date "2016.01.09"]
[Round "1"]
[White "Huw"]
[Black "Yangqi"]
[WhiteElo "2230"]
[BlackElo "2650"]
[Result "0-1"]
[Round "1"]
1.d4 Ng8f6
2.c4 e5
3.d5 Bf8c5
4.e3 O-O
5.Qd1c2 a5
6.Nb1c3 d6
7.Bf1d3 Nb8a6
8.a3 Bc5b6
9.Ng1f3 Na6c5
10.Bd3f5 e4
11.Bf5xc8 Qd8xc8
12.Nf3d2 Nc5d3
13.Ke2 Qc8g4
14.Kf1 Qg4f5
{ resign }
0-1

[Event "1/128 Finale"]
[Site "www.chess-mail.com"]
[Date "2016.01.09"]
[Round "1"]
[White "Towerbridge"]
[Black "Larsenchess"]
[WhiteElo "1580"]
[BlackElo "1809"]
[Result "0-1"]
[Round "1"]
1.d4 d5
2.Bc1f4 Ng8f6
3.e3 c6
4.c3 Bc8f5
5.Ng1f3 e6
6.Qd1c2 Bf5xc2
7.Nb1d2 Bc2g6
8.h3 Bf8e7
{ resign }
0-1

[Event "Eq:Los Tercios-Equipo Juan Diaz : "]
[Site "www.chess-mail.com"]
[Date "2016.01.09"]
[Round "1"]
[White "Julianlore"]
[Black "Yomismista"]
[WhiteElo "2700"]
[BlackElo "2669"]
[Result "1-0"]
[Round "1"]
1.e4 c5
2.Ng1f3 d6
3.d4 cxd4
4.Nf3xd4 Ng8f6
5.Nb1c3 e6
6.Bc1e3 Nb8c6
7.Bf1c4 Bf8e7
8.Qd1e2 O-O
9.O-O-O a6
10.Bc4b3 Qd8c7
11.Rh1g1 Nf6d7
12.g4 Nd7c5
13.Nd4f5 exf5
{ time. }
1-0

[Event "Fast Game"]
[Site "www.echecsemail.com"]
[Date "2016.01.09"]
[Round "1"]
[White "Mitja"]
[Black "Maredocla"]
[WhiteElo "1730"]
[BlackElo "1890"]
[Result "0-1"]
[Round "1"]
1.d4 d5
2.e3 Ng8f6
3.h3 e6
4.Ng1f3 Bf8b4
5.c3 Bb4d6
6.Nb1d2 Nb8d7
7.Nd2b3 Nf6e4
8.Nf3d2 f5
9.Nd2xe4 fxe4
10.Qd1g4 Qd8f6
11.Bc1d2 O-O
12.O-O-O Qf6xf2
13.Qg4xe6 Kh8
14.Qe6xd5 Nd7f6
15.Qd5b5 a6
16.Qb5e2 Qf2f5
17.g4 Qf5d7
18.Bf1g2 b5
19.Rd1f1 Bc8b7
20.g5 Nf6d5
21.Rf1xf8 Ra8xf8
22.Rh1f1 Rf8xf1
23.Qe2xf1 Qd7e7
24.h4 b4
25.Kc2 c5
26.Qf1f2 Kg8
27.Qf2f5 bxc3
28.bxc3 c4
29.Nb3c5 Bd6xc5
30.dxc5 Qe7xc5
31.Bg2xe4 Qc5c6
32.Qf5xh7 Kf8
33.Qh7h8 Kf7
34.g6 Ke7
35.Qh8xg7 Kd8
36.Qg7f8 Kc7
37.g7 Nd5xe3
38.Bd2xe3 Qc6xe4
39.Kb2 Bb7d5
40.Be3d4 Qe4g2
41.Ka3 Kd7
42.Bd4c5 Qg2d2
43.g8Q Qd2xc3
{ resign }
0-1

[Event "Fast Game"]
[Site "www.echecsemail.com"]
[Date "2016.01.09"]
[Round "1"]
[White "Huw"]
[Black "Maredocla"]
[WhiteElo "1779"]
[BlackElo "1880"]
[Result "1-0"]
[Round "1"]
1.d4 d5
2.c4 c6
3.Ng1f3 dxc4
4.a4 a6
5.e3 b5
6.axb5 cxb5
7.b3 Bc8d7
8.bxc4 bxc4
9.Bf1xc4 f6
10.Qd1b3 Ng8h6
11.e4 Qd8c7
12.Nb1c3 g5
13.Nc3d5 Qc7c6
14.O-O e6
15.Nd5xf6 Kf7
16.Nf3e5 Kxf6
17.Ne5xc6 Nb8xc6
18.d5 { resign }
1-0

[Event "Fast Game"]
[Site "www.echecsemail.com"]
[Date "2016.01.09"]
[Round "1"]
[White "Elogic"]
[Black "Ledzepp"]
[WhiteElo "1599"]
[BlackElo "1599"]
[Result "1-0"]
[Round "1"]
1.e4 e5
2.Ng1f3 d6
3.Bf1c4 Bc8g4
4.d4 Nb8c6
5.Bc4xf7 Kxf7
6.d5 Nc6d4
7.Nf3xe5 dxe5
8.Qd1xg4 Qd8f6
9.Bc1g5 Nd4xc2
10.Kd1 Qf6d6
11.Kxc2 Qd6c5
12.Kd1 Ra8e8
13.Qg4h5 g6
14.Qh5f3 Kg7
15.h4 Qc5d4
16.Nb1d2 Bf8b4
17.Ra1c1 Qd4xd2
18.Bg5xd2 Bb4xd2
19.Rc1xc7 Kh6
20.Kxd2 Ng8f6
21.Qf3e3 Kh5
22.Qe3g5 
1-0

[Event "Tourn. n8552"]
[Site "www.chess-mail.com"]
[Date "2016.01.10"]
[Round "1"]
[White "Tonino1"]
[Black "Julian"]
[WhiteElo "2030"]
[BlackElo "1980"]
[Result "1-0"]
[Round "1"]
1.d4 Ng8f6
2.Ng1f3 e6
3.e3 c5
4.Bf1d3 d5
5.b3 Nb8c6
6.Bc1b2 Bf8d6
7.Nb1d2 O-O
8.O-O Rf8e8
9.Nf3e5 cxd4
10.exd4 a6
11.f4 Nc6b4
12.Bd3e2 Qd8c7
13.c3 Nb4c6
14.Be2d3 Nf6e4
15.Nd2xe4 dxe4
16.Bd3xe4 f6
17.Qd1h5 f5
18.Qh5xe8 Bd6f8
19.Bb2a3 Nc6e7
20.Qe8f7 { resign }
1-0

[Event "Tourn. n8466"]
[Site "www.chess-mail.com"]
[Date "2016.01.10"]
[Round "1"]
[White "Cardiff"]
[Black "Comrade"]
[WhiteElo "1840"]
[BlackElo "2060"]
[Result "0-1"]
[Round "1"]
1.c3 e6
2.d4 d5
3.Ng1f3 c5
4.Bc1f4 Nb8c6
5.e3 Bf8d6
6.Bf4xd6 Qd8xd6
7.Bf1e2 Ng8f6
8.Nb1d2 b6
9.O-O O-O
10.Rf1e1 Bc8b7
11.Be2b5 a6
12.Bb5xc6 Bb7xc6
13.Nf3e5 Nf6d7
14.Nd2f3 Ra8d8
15.Ne5xc6 Qd6xc6
16.Qd1d2 f6
17.Ra1c1 Rf8e8
18.c4 dxc4
19.Rc1xc4 Qc6d5
20.b3 Nd7e5
21.Nf3xe5 fxe5
22.e4 Qd5c6
23.Re1c1 Qc6xe4
24.dxc5 Qe4xc4
{ resign }
0-1

[Event "Tourn. n8539"]
[Site "www.chess-mail.com"]
[Date "2016.01.10"]
[Round "1"]
[White "Norlavuaram"]
[Black "Genius7"]
[WhiteElo "2150"]
[BlackElo "2140"]
[Result "1/2-1/2"]
[Round "1"]
1.e4 c6
2.d4 d5
3.Nb1d2 dxe4
4.Nd2xe4 Ng8f6
5.Ne4xf6 exf6
6.Ng1f3 Bf8d6
7.Bf1c4 O-O
8.O-O Bc8g4
9.h3 Bg4f5
10.c3 Nb8d7
11.Bc4d3 Bf5xd3
12.Qd1xd3 Qd8c7
13.Bc1d2 Rf8e8
14.Ra1e1 Nd7f8
15.Re1xe8 Ra8xe8
16.Rf1e1 Re8xe1
17.Bd2xe1 Nf8g6
{ draw }
1/2-1/2

[Event "Tourn. n8497"]
[Site "www.chess-mail.com"]
[Date "2016.01.10"]
[Round "1"]
[White "Comrade"]
[Black "Odin"]
[WhiteElo "2080"]
[BlackElo "1820"]
[Result "1-0"]
[Round "1"]
1.c4 e5
2.Nb1c3 Ng8f6
3.g3 g6
4.Bf1g2 Bf8g7
5.e3 Nb8c6
6.Ng1e2 O-O
7.O-O Rf8e8
8.d4 e4
9.a3 a6
10.Qd1c2 b6
11.Nc3xe4 Bc8b7
12.Bc1d2 d5
13.Ne4xf6 Bg7xf6
14.cxd5 Nc6a7
15.e4 Bf6g7
16.Bd2c3 Na7b5
17.f4 c5
18.dxc5 Nb5xc3
19.bxc3 bxc5
20.Ra1b1 Ra8b8
21.c4 Qd8d7
22.e5 Qd7g4
23.Rb1b6 Qg4d7
24.Rf1b1 Bg7f8
25.Qc2b3 Re8e7
26.d6 Bb7xg2
27.Rb6xb8 Bg2c6
28.dxe7 Qd7xe7
29.Ne2c3 Qe7e6
30.Nc3d5 Kg7
31.Qb3b6 a5
32.Qb6d8 Bf8e7
33.Nd5xe7 Bc6e4
34.Qd8f8 
1-0

[Event "Tourn. n8484"]
[Site "www.chess-mail.com"]
[Date "2016.01.10"]
[Round "1"]
[White "Expert"]
[Black "Silent1"]
[WhiteElo "1840"]
[BlackElo "1780"]
[Result "1/2-1/2"]
[Round "1"]
1.Ng1f3 d6
2.d4 Ng8f6
3.c4 e6
4.Nb1c3 Bf8e7
5.e4 O-O
6.Bf1e2 Nb8c6
7.O-O Bc8d7
8.h3 h6
9.Bc1e3 a6
10.Ra1c1 Nc6a7
11.a3 c6
12.b4 b5
13.Rc1b1 Na7c8
14.Rf1e1 Nf6h7
15.Qd1c2 Nc8a7
16.Re1d1 bxc4
17.Be2xc4 d5
18.Bc4d3 Na7b5
19.Nc3xb5 cxb5
20.exd5 Nh7f6
21.dxe6 Bd7xe6
22.Nf3e5 Be6d5
23.Ne5c6 Bd5xc6
24.Qc2xc6 Qd8d6
25.Qc6xd6 Be7xd6
26.Rb1c1 Ra8c8
{ draw }
1/2-1/2

[Event "Tourn. n8508"]
[Site "www.chess-mail.com"]
[Date "2016.01.10"]
[Round "1"]
[White "Easychess"]
[Black "Cheminet"]
[WhiteElo "1600"]
[BlackElo "1770"]
[Result "0-1"]
[Round "1"]
1.e4 c5
2.Nb1c3 g6
3.Ng1f3 Nb8c6
4.d4 cxd4
5.Nf3xd4 d6
6.Bf1b5 Bc8d7
7.Bb5xc6 bxc6
8.O-O Bf8g7
9.Bc1e3 Ng8f6
10.h3 O-O
11.Qd1d2 Ra8b8
12.Nd4b3 a5
13.a4 Rb8b4
14.f3 c5
15.Qd2c1 Bd7e6
16.Nb3d2 Qd8b8
17.Ra1b1 Nf6h5
18.g4 d5
19.exd5 Qb8g3
{ resign }
0-1

[Event "Tourn. n8556"]
[Site "www.chess-mail.com"]
[Date "2016.01.10"]
[Round "1"]
[White "Faerieking"]
[Black "Orhany24"]
[WhiteElo "2280"]
[BlackElo "2030"]
[Result "0-1"]
[Round "1"]
1.e4 e5
2.d4 exd4
3.c3 d5
4.exd5 Qd8xd5
5.cxd4 Ng8f6
6.Ng1f3 Bc8g4
7.Bf1e2 Bf8e7
8.O-O O-O
9.Nb1c3 Qd5d8
10.Bc1e3 Nb8d7
11.Qd1c2 c5
12.d5 Nd7b6
13.Rf1d1 Be7d6
14.Ra1c1 Ra8c8
15.Nc3e4 Nf6xe4
16.Qc2xe4 Bg4h5
17.b3 Nb6d7
18.g3 Rf8e8
19.Qe4c4 Qd8f6
20.Nf3g5 Bh5xe2
{ resign }
0-1

[Event "Tourn. n8541"]
[Site "www.chess-mail.com"]
[Date "2016.01.10"]
[Round "1"]
[White "Tonino1"]
[Black "Raven16"]
[WhiteElo "2040"]
[BlackElo "2000"]
[Result "0-1"]
[Round "1"]
1.d4 d5
2.Ng1f3 Nb8c6
3.e3 Ng8f6
4.Bf1d3 e5
5.dxe5 Nf6g4
6.b3 Ng4xe5
7.Nf3xe5 Nc6xe5
8.Bd3e2 Bf8b4
9.c3 Bb4a5
10.Bc1a3 Bc8f5
11.Qd1d4 f6
12.Nb1d2 Ne5c6
13.Be2b5 Qd8d7
14.Qd4a4 Ba5b6
15.Nd2f3 O-O-O
16.Nf3d4 Bb6xd4
17.cxd4 a6
18.Bb5xa6 bxa6
19.Qa4xa6 Kb8
20.Ra1c1 Nc6a7
21.Ba3c5 c6
22.Bc5b6 Rd8c8
23.Bb6xa7 Qd7xa7
24.Rc1xc6 Qa7xa6
{ resign }
0-1

[Event "Tourn. n8437"]
[Site "www.chess-mail.com"]
[Date "2016.01.10"]
[Round "1"]
[White "Naujzaid"]
[Black "Osopanda"]
[WhiteElo "1900"]
[BlackElo "1860"]
[Result "1-0"]
[Round "1"]
1.d4 Ng8f6
2.c4 g6
3.Nb1c3 Bf8g7
4.e4 d6
5.Ng1f3 O-O
6.Bf1e2 c6
7.O-O Nb8d7
8.h3 e5
9.Rf1e1 Rf8e8
10.Bc1g5 Qd8c7
11.d5 Nd7c5
12.Bg5xf6 Bg7xf6
13.b4 Nc5d7
14.Ra1c1 Bf6g7
15.Qd1d2 cxd5
16.cxd5 Qc7d8
17.Nc3b5 Nd7b6
18.Nb5c7 Re8e7
19.Nc7xa8 Nb6xa8
20.Qd2e3 a6
21.a4 f5
22.b5 axb5
23.axb5 Na8b6
24.Nf3d2 f4
25.Qe3a3 Re7c7
26.Rc1xc7 Qd8xc7
27.Re1c1 Qc7d8
28.Qa3a5 Bg7f6
29.Nd2c4 Nb6xc4
30.Qa5xd8 Bf6xd8
31.Rc1xc4 Bc8d7
32.Rc4a4 Bd8b6
33.Ra4a8 Kf7
34.Ra8b8 Bb6c5
35.Rb8xb7 Ke8
36.Be2g4 Bd7xg4
37.hxg4 h5
38.gxh5 gxh5
39.Rb7h7 h4
40.Rh7xh4 Kd7
41.Rh4h7 Ke8
42.Kf1 Bc5d4
43.g3 fxg3
44.fxg3 Kf8
45.g4 Kg8
46.Rh7d7 Bd4c5
47.Ke2 { resign }
1-0

[Event "Tourn. n8532"]
[Site "www.chess-mail.com"]
[Date "2016.01.10"]
[Round "1"]
[White "Attatroll"]
[Black "Osopanda"]
[WhiteElo "1920"]
[BlackElo "1930"]
[Result "1-0"]
[Round "1"]
1.Ng1f3 d5
2.c4 d4
3.b3 c5
4.Bc1b2 Nb8c6
5.e3 e5
6.Nb1a3 Bc8g4
7.Qd1c2 Ng8f6
8.d3 Bg4xf3
9.gxf3 dxe3
10.fxe3 Bf8d6
11.Na3b5 Bd6b8
12.O-O-O a6
13.Nb5c3 Nc6b4
14.Qc2g2 O-O
15.a3 Nb4c6
16.Nc3a4 b6
17.f4 exf4
18.Qg2xc6 Ra8a7
19.Qc6xb6 Qd8xb6
20.Na4xb6 Ra7b7
21.Bb2xf6 Rb7xb6
22.Bf6e7 Rf8c8
23.Kc2 fxe3
24.Bf1h3 Rc8e8
25.Be7xc5 Rb6h6
26.Bh3g2 e2
27.Rd1e1 Rh6xh2
28.Rh1xh2 Bb8xh2
29.Bg2f3 Bh2g3
30.Re1xe2 Re8xe2
31.Bf3xe2 { resign }
1-0

[Event "Tourn. n8560"]
[Site "www.chess-mail.com"]
[Date "2016.01.10"]
[Round "1"]
[White "Hundegana"]
[Black "Bojan"]
[WhiteElo "1980"]
[BlackElo "2080"]
[Result "0-1"]
[Round "1"]
1.c4 g6
2.d4 Bf8g7
3.d5 c6
4.Nb1c3 Bg7xc3
5.bxc3 d6
6.Ra1b1 Qd8a5
7.Qd1b3 Qa5c7
8.e4 Nb8d7
9.Bc1e3 Nd7c5
10.Qb3c2 e5
11.Bf1e2 f5
12.Be3xc5 dxc5
13.Qc2d2 fxe4
14.Qd2e3 cxd5
15.cxd5 Bc8f5
16.Be2b5 Ke7
17.Rb1c1 Ra8d8
18.Rc1d1 a6
19.Bb5c4 b5
20.Bc4e2 Ng8f6
21.d6 Rd8xd6
22.Rd1xd6 Qc7xd6
23.f3 Nf6d5
24.Qe3g5 Kf7
25.g4 exf3
26.Be2xf3 Bf5e6
27.Qg5c1 Nd5f4
28.Qc1d1 Nf4d3
29.Ke2 Be6c4
30.Ke3 e4
31.Bf3g2 Qd6f4
32.Ke2 Qf4f2
{ resign }
0-1

[Event "Match"]
[Site "www.echecsemail.com"]
[Date "2016.01.10"]
[Round "1"]
[White "Tonino1"]
[Black "Add"]
[WhiteElo "1990"]
[BlackElo "1970"]
[Result "0-1"]
[Round "1"]
1.d4 d5
2.Ng1f3 c5
3.e3 Ng8f6
4.b3 e6
5.Bc1b2 a6
6.Nb1d2 b5
7.Bf1e2 Nb8d7
8.O-O Bf8d6
9.Nf3e5 c4
10.f4 O-O
11.Be2f3 Bc8b7
12.bxc4 bxc4
13.Qd1e2 Qd8c7
14.Bb2c3 a5
15.Ra1b1 Nd7b6
16.e4 Nb6a4
17.Bc3a1 c3
18.Nd2b3 Bb7a6
19.Ne5d3 Bd6xf4
20.e5 Nf6d7
21.Bf3h5 Bf4h6
22.Rf1f3 g6
23.Bh5g4 Nd7b8
24.Qe2e1 Qc7c4
25.Qe1h4 Bh6g7
26.Rf3h3 h6
27.Nd3f4 g5
28.Qh4h5 gxf4
29.Rb1f1 Qc4xf1
{ resign }
0-1

[Event "Match"]
[Site "www.echecsemail.com"]
[Date "2016.01.10"]
[Round "1"]
[White "Norwich"]
[Black "Papablanca"]
[WhiteElo "1630"]
[BlackElo "1499"]
[Result "1-0"]
[Round "1"]
1.d4 Ng8f6
2.c4 e6
3.Nb1c3 d5
4.cxd5 exd5
5.Ng1f3 Bc8g4
6.Nf3e5 Bg4h5
7.Qd1b3  { time }
1-0

[Event "Match"]
[Site "www.echecsemail.com"]
[Date "2016.01.10"]
[Round "1"]
[White "Juodivarnai"]
[Black "Krystek23"]
[WhiteElo "2160"]
[BlackElo "2130"]
[Result "0-1"]
[Round "1"]
1.e4 c5
2.Ng1f3 e6
3.d4 cxd4
4.Nf3xd4 Nb8c6
5.Nb1c3 d6
6.Bc1e3 Bc8d7
7.f3 Ng8f6
8.Qd1d2 Bf8e7
9.O-O-O Ra8c8
10.g4 h6
11.Kb1 a6
12.h4 b5
13.a3 Nc6a5
14.Bf1e2 Qd8c7
15.g5 Nf6g8
16.gxh6 Ng8xh6
17.Rd1g1 Be7f8
18.Nc3d1 Nh6g8
19.Nd1f2 e5
20.Nd4b3 Na5c4
21.Be2xc4 bxc4
22.Nb3c1 c3
23.Qd2d3 cxb2
24.Kxb2 Ng8f6
25.Nc1b3 d5
26.exd5 Nf6xd5
27.Rg1c1 Qc7d6
28.Nf2e4 Qd6xa3
29.Kb1 Nd5b4
{ resign }
0-1

[Event "Match"]
[Site "www.echecsemail.com"]
[Date "2016.01.10"]
[Round "1"]
[White "Glenno"]
[Black "Genius7"]
[WhiteElo "2360"]
[BlackElo "2150"]
[Result "1/2-1/2"]
[Round "1"]
1.e4 c6
2.d4 d5
3.Nb1c3 dxe4
4.Nc3xe4 Ng8f6
5.Ne4xf6 exf6
6.c3 Bf8d6
7.Bf1d3 O-O
8.Qd1c2 g6
9.Ng1f3 Rf8e8
10.Bc1e3 Bd6f4
11.Qc2e2 Bf4xe3
12.fxe3 f5
13.O-O Nb8d7
14.Ra1e1 Nd7f6
15.Nf3e5 Bc8e6
16.c4 a6
17.b3 Ra8c8
{ draw }
1/2-1/2

[Event "Match"]
[Site "www.echecsemail.com"]
[Date "2016.01.10"]
[Round "1"]
[White "Rindrandria"]
[Black "Ranjachess"]
[WhiteElo "1550"]
[BlackElo "1740"]
[Result "1-0"]
[Round "1"]
1.g3 d5
2.e3 Ng8f6
3.f3 e5
4.e4 Bf8c5
5.c4 d4
6.Bf1d3 Bc8e6
7.Qd1a4 Nb8d7
8.b4 Bc5e7
9.c5 O-O
10.g4 c6
11.h4 b6
12.Bc1a3 Qd8c7
13.h5 h6
14.Ng1h3 a5
15.g5 Nf6xh5
16.gxh6 Nh5g3
17.Rh1h2 axb4
18.Qa4xb4 Be7xc5
19.Qb4b2 b5
20.hxg7 Kxg7
21.Nh3g5 Rf8h8
22.Rh2g2 Rh8h1
23.Kf2 Ng3f1
24.Ng5xe6 Kf6
25.Ne6xc7 Ra8a7
26.Nc7xb5 cxb5
27.Bd3xf1 d3
28.Ba3xc5 Nd7xc5
29.Qb2xb5 Nc5e6
30.Nb1c3 Ne6f4
31.Qb5b6 Ke7
32.Qb6xa7 Kf6
33.Rg2g8 Nf4h3
34.Ke3 Nh3g1
35.Nc3d5 Ke6
36.Qa7e7 
1-0